000 01501nam a22004217a 4500
003 CHAP
005 20220329143218.0
008 070313d2006 mx r 00110 spa d
010 _a93381
011 _a94353
035 _a104941
040 _cCHAP
090 _aTesis
100 1 _aReyes Eguren, Adan
_996818
245 1 0 _aContracultura :
_bcolectivos emocionales de protesta
_c/por Adan Reyes Eguren
260 _aChapingo, Méx. :
_bEl autor,
_c2006.
300 _a118 h. :
_bcuadros.
502 _aTesis (Ing. Agr. Esp. en Sociología Rural) - - UACH. Departamento de Sociología Rural
530 _aTambién disponible en línea
590 _aALEPH
_b10
_c20130110
_lUCH01
_h1517
590 _aBATCH-UPD
_b10
_c20130110
_lUCH01
_h1401
590 _aBATCH-UPD
_b10
_c20130410
_lUCH01
_h0852
590 _aBATCH-UPD
_b10
_c20130914
_lUCH01
_h1023
590 _aBATCH-UPD
_b10
_c20140324
_lUCH01
_h1502
590 _aBATCH-UPD
_b10
_c20141002
_lUCH01
_h0833
590 _aCONVERSION
_b10
_c20130109
_lUCH01
_h1352
650 0 4 _aCultura.
_930401
650 0 4 _aJuventud.
_962551
650 1 4 _aComunicación de masas.
_926210
650 1 4 _aMovimientos estudiantiles.
_979168
650 1 4 _aMovimientos sociales.
_979169
856 _3Finding aid
_uhttp://10.13.5.2/tesis/104941.pdf
_zTeclea aqui
901 _aBK
905 _aElisama A. H.
942 _cFOLL
949 _aTesis
_bBC
_cTES
_d33724002018405
_eTS1
_h46419
_i104941
_sb
949 _aTesis
_bBC
_cTES
_d33724002018446
_eTS2
_fc.2
_h46420
_i104941
_si
999 _c93381
_d93381